História (Record no. 45248)

MARC details
000 -Etiqueta do registo
Valores 00365nam a2200157 4500
100 ## - Dados gerais de processamento
Dados gerais 20251128 pory50
101 ## - Língua de publicação
Língua por
102 ## - País de publicação
País PT
200 ## - Titulo e menção de responsabilidade
Título próprio História
Primeira menção de responsabilidade dir. Fernando Rosas ... [et al.]
210 ## - Publicação
Local de publicação [S.l.]
Nome do editor Publicultura
Data de publicação -1999
215 ## - Descrição física 
Paginação / Volumes v.
Outras indicações físicas il.
675 ## - CDU
Notação 94(469)(05)
801 ## - Fonte de origem
País PT
Regras de catalogação RPC
990 ## - Elementos KOHA
Tipo de documento Jornais e Revistas
Holdings
Aquisição Empréstimo Código de barras Cota Permissão de empréstimo Tipo de documento Nota relativa ao exemplar
Biblioteca Municipal de Redondo Biblioteca Municipal de Redondo 055956 94(469)(05) HIST Consulta presencial Jornais e Revistas 1979 Ano XXI n.º 13
Biblioteca Municipal de Redondo Biblioteca Municipal de Redondo 055957 94(469)(05) HIST Consulta presencial Jornais e Revistas 2004 AnoXXVI n.º 65

Powered by Koha